Bộ luật dân sự và văn bản hướng dẫn thi hành năm 2014
Giới thiệu nội dung cơ bản của bộ luật dân sự 2014: qui định chung, tài sản và quyền sở hữu, nghĩa vụ dân sự, thừa kế, chuyển quyền sử dụng đất...Và các văn bản hướng dẫn thi hành
Bewaard in:
| Coauteurs: | , |
|---|---|
| Formaat: | Boek |
| Taal: | Undetermined |
| Gepubliceerd in: |
Hà Nội
Lao động - Xã hội
2014
|
| Onderwerpen: | |
| Tags: |
Voeg label toe
Geen labels, Wees de eerste die dit record labelt!
|
| Thư viện lưu trữ: | Trung tâm Học liệu Trường Đại học Cần Thơ |
|---|
| LEADER | 01061nam a2200229Ia 4500 | ||
|---|---|---|---|
| 001 | CTU_188603 | ||
| 008 | 210402s9999 xx 000 0 und d | ||
| 020 | |c 55000 | ||
| 082 | |a 346.597 | ||
| 082 | |b V308 | ||
| 110 | |a Việt Nam (Cộng hòa xã hội chủ nghĩa) | ||
| 110 | |b Quốc hội | ||
| 245 | 0 | |a Bộ luật dân sự và văn bản hướng dẫn thi hành năm 2014 | |
| 245 | 0 | |c Việt Nam (Cộng hòa xã hội chủ nghĩa). Quốc hội | |
| 260 | |a Hà Nội | ||
| 260 | |b Lao động - Xã hội | ||
| 260 | |c 2014 | ||
| 520 | |a Giới thiệu nội dung cơ bản của bộ luật dân sự 2014: qui định chung, tài sản và quyền sở hữu, nghĩa vụ dân sự, thừa kế, chuyển quyền sử dụng đất...Và các văn bản hướng dẫn thi hành | ||
| 650 | |a Civil law,Luật dân sự | ||
| 650 | |z Vietnam,Việt Nam | ||
| 910 | |a Hải | ||
| 980 | |a Trung tâm Học liệu Trường Đại học Cần Thơ | ||